| 000 | 01040nam a2200301 4500 | ||
|---|---|---|---|
| 001 | 0000018829 | ||
| 003 | CO-CtgCURN | ||
| 005 | 20250331185153.0 | ||
| 007 | ta | ||
| 008 | 160627s1998 000 0 eng d | ||
| 020 | _a8448601882 | ||
| 040 |
_aCO-CtgCURN _bspa _ccoctgcurn |
||
| 082 | 0 |
_a614 _bS15 |
|
| 245 | 0 | 0 |
_aSalud publica / _cF. MartĂnez Navarro ... [et al]. |
| 260 |
_aMadrid : _bMcGraw-Hill Interamericana, _c1998. |
||
| 300 | _axix, 915 p. | ||
| 336 | _2rdacontent | ||
| 337 |
_2rdamedia _asin mediacion _bn |
||
| 338 |
_2rdacarrier _avolumen _bnc |
||
| 500 | _aIncluye bibliografias e indice. | ||
| 505 | 8 | _aLas bases de la salud publica.--Los metodos cuantitativos y cualitativos en la salud publica.--ambitos de intervencion en salud publica.--PolĂticas de salud | |
| 650 | 1 | 4 | _aSalud publica. |
| 700 | 1 | _aAnto , J.M. | |
| 908 | _a160627 | ||
| 942 |
_cBK _h614 _iS15 _2ddc |
||
| 999 |
_c21896 _d21896 |
||